La movilidad jubilatoria a 30 años de la sanción de la ley 24.241 : (Registro nro. 5906)
[ vista simple ]
| 000 -LEADER | |
|---|---|
| fixed length control field | 01233nab a22002177a 4500 |
| 003 - CONTROL NUMBER IDENTIFIER | |
| control field | OSt |
| 005 - DATE AND TIME OF LATEST TRANSACTION | |
| control field | 20260110012014.0 |
| 008 - FIXED-LENGTH DATA ELEMENTS--GENERAL INFORMATION | |
| fixed length control field | 190605e xxu||||| |||| 00| 0 spa d |
| 040 ## - CATALOGING SOURCE | |
| Transcribing agency | PJ |
| 100 ## - MAIN ENTRY--PERSONAL NAME | |
| 9 (RLIN) | 5708 |
| Personal name | García, Nadia |
| 245 13 - TITLE STATEMENT | |
| Title | La movilidad jubilatoria a 30 años de la sanción de la ley 24.241 : |
| Remainder of title | una historia tristemente repetida / |
| Statement of responsibility, etc | Nadia García. |
| 260 ## - PUBLICATION, DISTRIBUTION, ETC. (IMPRINT) | |
| Place of publication, distribution, etc | Ciudad Autónoma de Buenos Aires : |
| Name of publisher, distributor, etc | Thomson Reuters La Ley, |
| Date of publication, distribution, etc | 2023. |
| 300 ## - PHYSICAL DESCRIPTION | |
| Extent | p. 28-35 |
| 500 ## - GENERAL NOTE | |
| General note | Cita: TR LALEY AR/DOC/2568/2023.<br/><br/> |
| 505 ## - FORMATTED CONTENTS NOTE | |
| Formatted contents note | Sumario: I. Introducción.— II. La movilidad en la ley 24.241: el Aporte Medio Previsional Obligatorio (AMPO).— III. Módulo Previsional (MOPRE).— IV. Ley 24.463: la movilidad que no fue.— V. La movilidad en la sucesión normativa: leyes 26.417, 27.426 y 27.541.— VI. La movilidad en la ley 27.609.— VII. Conclusiones.— VIII. Bibliografía. |
| 505 ## - FORMATTED CONTENTS NOTE | |
| Title | ¿Te interesa el texto completo? Solicitalo al correo: koha@justierradelfuego.gov.ar |
| 650 #0 - SUBJECT ADDED ENTRY--TOPICAL TERM | |
| 9 (RLIN) | 1395 |
| Topical term or geographic name as entry element | SEGURIDAD SOCIAL |
| 650 #0 - SUBJECT ADDED ENTRY--TOPICAL TERM | |
| 9 (RLIN) | 2154 |
| Topical term or geographic name as entry element | JUBILACIONES |
| 773 0# - HOST ITEM ENTRY | |
| Host Biblionumber | 2711 |
| Host Itemnumber | 3168 |
| Place, publisher, and date of publication | Ciudad Autónoma de Buenos Aires : Thomson Reuters La Ley, 1999-2002. |
| Title | Revista de derecho del trabajo. Nº 6 - Noviembre 2023 |
| 942 ## - ADDED ENTRY ELEMENTS (KOHA) | |
| Source of classification or shelving scheme | |
| Koha item type | Analítica Artículo de Revista |
No hay ítems disponibles.
